Fogyatékossággal élők munkavállalási lehetőségei - különös tekintettel a súlyos mozgáskorlátozottakra
| Szerző: | |
|---|---|
| További közreműködők: | |
| Dokumentumtípus: | Diplomadolgozat |
| Kulcsszavak: | diszkrimináció foglalkoztatás - foglalkoztatottság fogyatékkal élők megváltozott munkaképesség munkahelyi viszonyok |
| Online Access: | http://dolgozattar.uni-bge.hu/59573 |
MARC
| LEADER | 00000nta a2200000 i 4500 | ||
|---|---|---|---|
| 001 | dolg59573 | ||
| 005 | 20260409145240.0 | ||
| 008 | 260409suuuu hu om 000 hun d | ||
| 040 | |a BGE Dolgozattár Repozitórium |b hun | ||
| 041 | |a hu | ||
| 100 | 1 | |a Szekeres Laura | |
| 245 | 1 | 0 | |a Fogyatékossággal élők munkavállalási lehetőségei - különös tekintettel a súlyos mozgáskorlátozottakra |c Szekeres Laura |h [elektronikus dokumentum] |
| 520 | 3 | |a A diplomamunkám célja az volt, hogy feltárjam a súlyos mozgáskorlátozott emberek munkavállalási lehetőségeit. Kidolgoztam a megválaszolandó kulcskérdéseket, melyek által választ szerettem volna kapni, hogy milyen problémák, feladatok és lehetőségek vannak a munkaerőpiacon. Bemutattam a terület jogi hátterét, interjút készítettem a területen dolgozó két nemzetközileg is elismert szakemberrel. Összeállítottam egy google forms-os kérdőívet, amelyben arra kerestem a választ, hogy a súlyos mozgáskorlátozottak hogyan érzik magukat a munkahelyükön, milyen problémákkal szembesülnek és hogyan hat rájuk az integrált munkaerőpiaci közeg. A szektoronkénti vizsgálatot egy európai uniós kitekintés mentén végeztem. Több jó példán keresztül próbáltam szemléltetni, hogy milyen lehetőségek vannak a fejlődésre a területen. A dolgozat lezárásaként javaslatokat tettem a munkavállalók, a munkaadók és törvényhozók részére. | |
| 695 | |a diszkrimináció | ||
| 695 | |a foglalkoztatás - foglalkoztatottság | ||
| 695 | |a fogyatékkal élők | ||
| 695 | |a megváltozott munkaképesség | ||
| 695 | |a munkahelyi viszonyok | ||
| 700 | 1 | |a Fekete-Frojimovics Dr. Zsófia |e ths | |
| 856 | 4 | 0 | |u http://dolgozattar.uni-bge.hu/59573/1/Szekeres_Laura_Szakdolgozat.pdf |z Dokumentum-elérés |
| 856 | 4 | 0 | |u http://dolgozattar.uni-bge.hu/59573/2/BA%20b%C3%ADr%C3%A1lati%20lap%202025_SzekeresL_PED.pdf |z Dokumentum-elérés |
| 856 | 4 | 0 | |u http://dolgozattar.uni-bge.hu/59573/3/Szekeres%20Laura_B%C3%ADr%C3%A1lati%20lap_BSc_BA_MSc_MA_2025_Dr_Jevcs%C3%A1k_Szintia.pdf |z Dokumentum-elérés |